Loading...

Thaniyavarthanavum Bhoothakannadiyum (M)

Bibliographic Details
Main Author: Lohithadas
Format: Printed Book
Language:Undetermined
Published: Kottayam : Current Books, 2008
Subjects:
LEADER 00484nam a2200145Ia 4500
008 200324s9999 xx 000 0 und d
082 |a 8M2.03  |b LOH-T 
100 |a Lohithadas 
245 0 |a Thaniyavarthanavum Bhoothakannadiyum (M) 
260 |a Kottayam :  |b Current Books,  |c 2008 
300 |a 199p. 
650 |a Screenplays 
942 |c BK 
999 |c 281173  |d 281173 
952 |0 0  |1 0  |4 0  |6 8M2_03_000000000000000_LOHT  |7 0  |9 299719  |a SDE  |b SDE  |d 2009-09-15  |l 0  |o 8M2.03 LOH-T  |p SDE16840  |r 2020-03-27  |w 2020-03-27  |y BK